Statystyki dla Najwyższe wieżowce świata

Kliknij tutaj aby rozwiązać quiz!

Ogólne statystyki

  • Ten quiz został rozwiązany 5 razy
  • Średni wynik to 4 z 30

Statystyki odpowiedzi

HintOdpowiedź% Poprawnych
Szanghaj (Chiny)Shanghai Tower
100%
Mekka (Arabia Saudyjska)Abradż al-Bajt
50%
Dubaj (ZEA)Burdż Chalifa
50%
Petersburg (Rosja)Łachta Centr
50%
Kuala Lumpur (Malezja)Merdeka 118
50%
Tajpej (Tajwan)Taipei 101
50%
Nowy Jork (USA)432 Park Avenue
0%
Nowy Jork (USA)Central Park Tower
0%
Changsha (Chiny)Changsha IFS
0%
Tiencin (Chiny)China 117 Tower
0%
Pekin (Chiny)China Zun
0%
Nankin (Chiny)Greenland Square Zifeng Tower
0%
Kanton (Chiny)Guangzhou CTF
0%
Kanton (Chiny)Guangzhou International Finance Center
0%
Hongkong (Chiny)International Commerce Center
0%
Shenzen (Chiny)KK100
0%
Ho Chi Minh (Wietnam)Landmark 81
0%
Seul (Korea Pd.)Lotte World Tower
0%
Dubaj (ZEA)Marina 101
0%
Kuala Lumpur (Malezja)Petronas Towers 1
0%
Kuala Lumpur (Malezja)Petronas Towers 2
0%
Shenzen (Chiny)Ping An Finance Center
0%
Szanghaj (Chiny)Shanghai World Finance Center
0%
Suzhou (Chiny)Suzhou IFS
0%
Kuala Lumpur (MalezjaThe Exchange 106
0%
Tiencin (Chiny)Tianjin Chow Tai Fook Binhai Center
0%
Chicago (USA)Trump Tower
0%
Chicago (USA)Willis Tower
0%
Nowy Jork (USA)World Trade Center
0%
Wuhan (Chiny)Wuhan Center
0%

Rozkład punktacji

Percentyl według liczby udzielonych odpowiedzi

Procent ludzi z każdym wynikiem

Twoja historia wyników

Nie rozwiązałeś tego quizu